مكتبة جامعة عجلون الوطنية

فهرس بحث المكتبة

أثر المخاطر الائتمانية على الأداء المالي للبنوك التجارية الأردنية، الحوكمة : كمتغير معدل = The Effect of Credit Risk on Financial Perfomance in Jordanian Commercial Banks-Governance as a Moderating Variable / (Record no. 33260)

MARC details
000 -LEADER
fixed length control field 01004nam a22001697a 4500
003 - CONTROL NUMBER IDENTIFIER
control field JO-AjAnu
005 - DATE AND TIME OF LATEST TRANSACTION
control field 20240624142448.0
008 - FIXED-LENGTH DATA ELEMENTS--GENERAL INFORMATION
fixed length control field 231211b jo ||||| |||| 00| 0 ara d
040 ## - CATALOGING SOURCE
Language of cataloging ARA
Transcribing agency JO-AjAnu
Modifying agency ANU
100 ## - MAIN ENTRY--PERSONAL NAME
Personal name القضاة، سوار فايز
9 (RLIN) 64871
Relator term معد
245 ## - TITLE STATEMENT
Title أثر المخاطر الائتمانية على الأداء المالي للبنوك التجارية الأردنية، الحوكمة : كمتغير معدل = The Effect of Credit Risk on Financial Perfomance in Jordanian Commercial Banks-Governance as <br/> a Moderating Variable /
Statement of responsibility, etc. اعداد سوار فايز القضاة ؛ اشراف مأمون محمد القضاة
300 ## - PHYSICAL DESCRIPTION
Extent 90 ورقه
500 ## - GENERAL NOTE
General note رساله جامعية (ماجستير) - جامعة عجلون الوطنية، 2023<br/>تحتوي هذه الرسالة على جداول
650 ## - SUBJECT ADDED ENTRY--TOPICAL TERM
Form subdivision الحوكمة-البنوك التجارية-الأردن
700 ## - ADDED ENTRY--PERSONAL NAME
Personal name مأمون محمد القضاة
9 (RLIN) 64873
Relator term مشرف
942 ## - ADDED ENTRY ELEMENTS (KOHA)
Source of classification or shelving scheme Library of Congress Classification
Koha item type Thesis
Suppress in OPAC No
Holdings
Withdrawn status Lost status Source of classification or shelving scheme Damaged status Not for loan Home library Current library Date acquired Total Checkouts Full call number Barcode Date last seen Price effective from Koha item type
    Library of Congress Classification     مكتبة جامعة عجلون الوطنية مكتبة جامعة عجلون الوطنية 11/12/2023   HG1615.2023 A29749 11/12/2023 11/12/2023 Thesis
    Library of Congress Classification     مكتبة جامعة عجلون الوطنية مكتبة جامعة عجلون الوطنية 11/12/2023   HG1615.2023 A29750 11/12/2023 11/12/2023 Thesis